Normal view
MARC view
Entry Topical Term
001 - CONTROL NUMBER
- control field: 47707
003 - CONTROL NUMBER IDENTIFIER
- control field:
005 - DATE AND TIME OF LATEST TRANSACTION
- control field: 20240425152547.0
008 - FIXED-LENGTH DATA ELEMENTS
- fixed length control field: 240425|| aca||aabn | a|a d
040 ## - CATALOGING SOURCE
- Original cataloging agency:
- Transcribing agency:
150 ## - HEADING--TOPICAL TERM
- Topical term or geographic name entry element: Yoruba language
- Form subdivision: Examinations, questions etc
670 ## - SOURCE DATA FOUND
- Source citation: Work cat.: ()26034: OLU Owolabi.....[et...al] clb 47706, Iwe ise amuse lori ijinle ede ati litireso Yoruba iwe keta /, 2005
